[Event "EU-ch U14 Girls 23rd"]
[Site "Budva"]
[Date "2013.10.01"]
[Round "3"]
[White "Bostan, Selina"]
[Black "Lakinska, Simona"]
[Result "0-1"]
[WhiteElo "1498"]
[BlackElo "1654"]
[PlyCount "110"]
[EventDate "2013.09.29"]
[EventType "swiss"]
[EventRounds "9"]
[EventCountry "MNE"]
[SourceTitle "EXT 2014"]
[Source "ChessBase"]
[SourceDate "2013.11.20"]
[SourceVersion "1"]
[SourceVersionDate "2013.11.20"]
[SourceQuality "1"]

1. d4 Nf6 2. c4 c5 3. e3 g6 4. Nf3 Bg7 5. Be2 0-0 6. 0-0 cxd4 7. exd4 d5 8. c5 Nc6 9. Be3 Bf5 10. Qb3 Qc7 11. Nc3 Rad8 12. a3 h6 13. Rac1 g5 14. Nb5 Qb8 15. Nc3 e6 16. Rfd1 Ne4 17. Bb5 Nxc3 18. bxc3 Rc8 19. Ne1 a6 20. Bd3 Bxd3 21. Nxd3 Na5 22. Qb1 Nc4 23. a4 Qc7 24. Qa1 f5 25. Nb2 Na5 26. f3 Nb3 27. Qb1 Nxc1 28. Qxc1 f4 29. Bf2 Qf7 30. Re1 Qf5 31. Qb1 Qxb1 32. Rxb1 Rf7 33. Nd3 Rcc7 34. Re1 Rfe7 35. h4 Rc8 36. hxg5 hxg5 37. Ne5 Rce8 38. Ng6 Rd7 39. Ne5 Bxe5 40. Rxe5 Rg7 41. Re1 Kf7 42. Rb1 Kf6 43. Rc1 Rh7 44. Kf1 Rh1+ 45. Bg1 e5 46. Re1 e4 47. fxe4 dxe4 48. d5 e3 49. Ke2 g4 50. c4 Ke5 51. d6 Ke4 52. Rf1 Rf8 53. Rb1 f3+ 54. gxf3+ gxf3+ 55. Kf1 Rg8 0-1